00691nam a2200217Ia 4500003000900000008004100009040001300050040001300063041000900076100002100085245003700106250001000143260001600153260000900169300001000178490005700188490000700245942000700252999001700259952019700276IT-RoPAU120407s9999 xx 000 0 und d aIT-RoPAU cIT-RoPAU alat  aFrancisco Zorell aNovi Testamenti Lexicon Graecum. aParis aLethielleux c1911 c25 cm aCursus Scripturae Sacrae/Pars I: Libri Introductorii v17 cBK c23813d23813 00102ddc406477_50000000000000071aPAULUSbPAULUSd2012-04-11l0o477.5r2012-04-11 00:00:00w2012-04-11yBKzInserito da: Jole In data: 27 settembre 2011 fondo: Via A.Severo 56 Progr:27310